Vyhláška o obecných technických požadavcích na výstavbu a souvisící předpisy Část 1. Komentář

Salvato in:
Dettagli Bibliografici
Autore principale: Sakař, Bedřich
Altri autori: Vobořil, Oldřich
Natura: Libro
Lingua:ceco
Pubblicazione: Praha Československé středisko výstavby a architektury 1989
Edizione:1. vyd.
Serie:Příručky investiční výstavby
Tags: Aggiungi Tag
Nessun Tag, puoi essere il primo ad aggiungerne!!

MARC

LEADER 00000nam a2200000 4500
001 c027572
005 20221215121010.7
041 0 |a cze 
044 |a CZ 
245 1 0 |a Vyhláška o obecných technických požadavcích na výstavbu a souvisící předpisy  |b Část 1. Komentář  |c Bedřich Sakař, Oldřich Vobořil 
250 |a 1. vyd. 
264 1 |a Praha  |b Československé středisko výstavby a architektury  |c 1989 
300 |a 72 s. 
490 1 |a Příručky investiční výstavby 
830 0 |a Příručky investiční výstavby 
100 1 |a Sakař, Bedřich 
700 1 |a Vobořil, Oldřich